| 000 | 00430nam a2200169Ia 4500 | ||
|---|---|---|---|
| 008 | 230711s9999||||xx |||||||||||||| ||und|| | ||
| 020 | _a978-81-224-3802-4 | ||
| 041 | _aENG | ||
| 082 |
_a660.6 _bCA-I |
||
| 100 | _aCasida,L E | ||
| 245 | 0 | _aIndustrial Microbiology | |
| 250 | _a2nd Ed. | ||
| 260 |
_c2016 _aNew Delhi _bNew Age International Publishers |
||
| 300 | _a408p. | ||
| 650 | _aFood Science and Technology | ||
| 942 | _cBK | ||
| 999 |
_c7414 _d7414 |
||